000 00607nam a2200205Ia 4500
005 20250923144843.0
008 008 250917s9999 xx 000 0 eng d
037 _aTextual
040 _aDSWL
_beng
_cDSWL
041 _aeng
_2eng
084 _aX8(M5);97K.73'N6, K2
_qDSWL
100 _aHorowitz, M. A.
_9829085
245 0 _aStructure and government of the corporate union
_cby M.A. Horowitz
260 _aNew York
_bJohn Wiley
_c1962
300 _a168p.
365 _aUSD
_b2.95
925 _g2.95
942 _cTEXL
_hX8(M5);97K.73'N6, K2
999 _c1444187
_d1444187